000
00296nam a22001337a 4500
008
230717b xxu||||| |||| 00| 0 eng d
082
_a
363.8
_b
FAO
100
_c
J Albert
245
_a
Food, Nutrition and Agriculture
260
_c
2003
300
_a
94p
440
_x
1014806X
942
_2
ddc
_c
BK
999
_c
3968
_d
3968